Ekonomický účet poľnohospodárstva za rok 2007
Guardado en:
| Formato: | Libro |
|---|---|
| Lenguaje: | eslovaco inglés |
| Publicado: |
Bratislava
Štatistický úrad Slovenskej republiky
2008
|
| Colección: | Pôdohospodárstvo a životné prostredie
|
| Materias: | |
| Etiquetas: |
Sin Etiquetas, Sea el primero en etiquetar este registro!
|
MARC
| LEADER | 00000nam$a2200000$$$4500 | ||
|---|---|---|---|
| 001 | 0088206 | ||
| 005 | 20260122152525.5 | ||
| 020 | |a 978-80-89358-07-6 | ||
| 041 | 0 | |a slo | |
| 041 | 0 | |a eng | |
| 044 | |a SK | ||
| 245 | 1 | 0 | |a Ekonomický účet poľnohospodárstva za rok 2007 |
| 264 | 1 | |a Bratislava |b Štatistický úrad Slovenskej republiky |c 2008 | |
| 300 | |a 67 s. | ||
| 490 | 1 | |a Pôdohospodárstvo a životné prostredie | |
| 830 | 0 | |a Pôdohospodárstvo a životné prostredie | |
| 610 | 2 | 0 | |a poľnohospodárstvo |
| 610 | 2 | 0 | |a ceny bežné |
| 610 | 2 | 0 | |a výrobky poľnohospodárske |
| 610 | 2 | 0 | |a Slovensko |